The effect of Jacobson's relaxation training on differential relaxation of biceps and triceps brachii /

Bibliographic Details
Main Author: Caruso, Virginia Mary, 1945-
Format: Thesis Book
Language:English
Published: East Stroudsburg, Pa. : Caruso, 1971.
Subjects:

MARC

Tag First Indicator Second Indicator Subfields
LEADER 00000cam a2200000 i 4500
001 in00000065450
005 20151008051840.0
008 740607r19741971orua bb 00010 eng d
035 |a (OCoLC)00910848 
035 |9 AAH0337AM 
040 |c MIA  |d TXA  |d UtOrBLW 
049 |a TXAI 
099 |a fiche  |a C  |a 1426 
100 1 |a Caruso, Virginia Mary,  |d 1945- 
245 1 4 |a The effect of Jacobson's relaxation training on differential relaxation of biceps and triceps brachii /  |c by Virginia Mary Caruso. 
264 1 |a East Stroudsburg, Pa. :  |b Caruso,  |c 1971. 
300 |a 97 leaves :  |b illustrations ;  |c 29 cm. 
336 |a text  |b txt  |2 rdacontent 
337 |a microform  |b h  |2 rdamedia 
338 |a microfiche  |b he  |2 rdacarrier 
500 |a Vita. 
500 |a Microfiche (negative) of typescript. Eugene : Microform Publications, College of Health, Physical Education and Recreation, University of Oregon, 1974. -- 2 sheets ; 10.5 x 14.8 cm. 
502 |c East Stroudsburg State College. 
504 |a Bibliography: leaves 76-79. 
500 |a Microform. 
650 0 |a Relaxation. 
650 0 |a Muscles. 
999 |a MARS 
999 f f |s d73a0a99-d92d-3d95-9320-2023a35164a6  |i 8f34275e-fb73-392a-a09b-79f725be5b65  |t 0 
952 f f |p normal  |a Texas A&M University  |b College Station  |c Sterling C. Evans Library  |d Evans: Microforms (3rd floor)  |t 0  |e fiche C 1426  |h Other scheme  |i microform -- microfiche  |m A14820663590 
998 f f |a fiche C 1426  |t 0  |l Evans: Microforms (3rd floor)